| 000 | 00864cam a2200241 a 4500 | ||
|---|---|---|---|
| 001 | 000005127 | ||
| 005 | 20200929151603.0 | ||
| 008 | 830221s2002 mx a 000 p spa | ||
| 010 | _a2002523194 | ||
| 040 |
_aDO-SdBNP _cDLC |
||
| 082 |
_a861.6 _bS227g |
||
| 100 | 1 |
_aSanjurjo, Jose Manuel, _d1911-1973. _914684 |
|
| 245 | 1 | 0 |
_aGuateque a Alfonso Camin en décimas de Batey / _cpor Jose Sanjurjo. Carey y nuevos poemas / Alfonso Camin ; ilustraciones de Fernando Tarazona. |
| 246 | 1 | 4 | _aCarey |
| 260 |
_aMexico : _bImpresora Mexfotocolor, _c2002. |
||
| 300 |
_axl, 212 p. : _bill. ; _c23 cm. |
||
| 650 | 4 |
_aPoesía española _xColecciones _93395 |
|
| 650 | 4 |
_aPoesía amorosa _99227 |
|
| 650 | 4 |
_aJuventud _xPoesías _914685 |
|
| 650 | 4 |
_aLiteratura española _9632 |
|
| 700 | 1 |
_aCamin, Alfonso, _d1890-1982. _tCarey. _914686 |
|
| 910 | _aCatalogación por copia / LC | ||
| 999 |
_c4930 _d4930 |
||